|
|
|
|
| LEADER |
00000naa a2200000 i 4500 |
| 001 |
publ598 |
| 005 |
20151110112646.0 |
| 008 |
151110s2010 hu o 000 zxx d |
| 040 |
|
|
|a BGE Publikációtár Repozitórium
|b hun
|
| 100 |
1 |
|
|a Heidrich Balázs
|
| 245 |
1 |
4 |
|a The Role of Paternalistic Leadership in Changing Organizational Cultures
|b a Hungarian-Romanian Comparison
|c Heidrich Balázs
|h [elektronikus dokumentum]
|
| 260 |
|
|
|a Budapesti Gazdasági Főiskola
|b Budapest
|c 2010
|
| 300 |
|
|
|a 163-177
|
| 490 |
0 |
|
|a BGF Magyar Tudomány Ünnepe 2010: Merre tovább - gazdaság és társadalom
|
| 650 |
|
4 |
|a gazdálkodás- és szervezéstudományok
|
| 695 |
|
|
|a Vezetés
|
| 695 |
|
|
|a Szervezeti kultúra
|
| 856 |
4 |
0 |
|u https://publikaciotar.uni-bge.hu/id/eprint/598/1/Heidrich%20Bal%C3%A1zs%20%E2%80%93%20The%20Role%20of%20Paternalistic%20Leadership%20in%20Changing%20Organizational%20Cultures%20A%20Hungarian-Romanian%20Comparison.PDF
|z Dokumentum-elérés
|